Statistics for European Cities A-Z

Click here to take the quiz!

General Stats

  • This quiz has been taken 48,497 times
    (34,398 since last reset)
  • The average score is 18 of 26

Answer Stats

Hint City % Correct
HCapital of FinlandHelsinki
95%
PHas a leaning towerPisa
94%
KCapital of UkraineKiev
93%
MOktoberfestMunich
93%
FGermany's financial capitalFrankfurt
92%
NWhere pizza originatedNaples
91%
BCapital of CataloniaBarcelona
91%
RThe Eternal CityRome
88%
CFrench film festival cityCannes
88%
WCity where a Communist pact
was made
Warsaw
86%
ZCapital of CroatiaZagreb
86%
VThird biggest in SpainValencia
79%
TCapital of EstoniaTallinn
78%
SWhere Nobel Prizes are awardedStockholm
76%
ABelgium diamond industry centerAntwerp
73%
DCity destroyed by firebomb in WWIIDresden
69%
GCity closest to AfricaGibraltar
66%
IAustrian Winter Olympics hostInnsbruck
62%
UFourth biggest in the NetherlandsUtrecht
54%
LCity devastated by an earthquake
in 1755
Lisbon
45%
OSecond largest city in Portugal
(alternate name)
Oporto
42%
ERuhr valley cityEssen
42%
JCity in Andalusia where sherry
wine originated
Jerez de la
Frontera
25%
YMajor city in the UralsYekaterinburg
25%
QCity in BrittanyQuimper
13%
XCity in western GermanyXanten
8%

Score Distribution

Percentile by Number Answered

Percent of People with Each Score

Your Score History

You have not taken this quiz since the last reset